| 000 | 00629nam a22002537a 4500 | ||
|---|---|---|---|
| 003 | UA-OsUOA | ||
| 001 | 30293 | ||
| 007 | ta | ||
| 008 | 20041108b un ||||| |||| 00| 0 ukr d | ||
| 100 | _aКостащук Василь | ||
| 090 |
_a929:821 _bК72 |
||
| 942 | _cBK | ||
| 040 |
_aUA-OsUOA _bukr _cUA-OsUOA _dUA-OsUOA |
||
| 245 | _aВолодар дум селянських | ||
| 300 |
_a191 с. _bІлюстрації |
||
| 955 | _a0 | ||
| 041 | _aukr | ||
| 080 | _a929:821 | ||
| 260 |
_aУжгород _bКарпати _c1968 |
||
| 044 | _aUA | ||
| 250 | _n2-е вид., доп. | ||
| 650 | 7 | _2UDC | |
| 999 |
_c316702 _d316702 |
||